ELECTRONICS FOR YOU (Record no. 17716)
[ view plain ]
| 000 -LEADER | |
|---|---|
| fixed length control field | 00448nam a2200145Ia 4500 |
| 022 ## - INTERNATIONAL STANDARD SERIAL NUMBER | |
| ISSN | 0013-516x |
| 245 #0 - TITLE STATEMENT | |
| Title | ELECTRONICS FOR YOU |
| 260 ## - PUBLICATION, DISTRIBUTION, ETC. (IMPRINT) | |
| Name of publisher | EFY Enterprises |
| Place of publication | New Delhi |
| 310 ## - CURRENT PUBLICATION FREQUENCY | |
| Current publication frequency | M |
| 500 ## - GENERAL NOTE | |
| General note | Ending Volume & Year: 32, 2000 |
| 500 ## - GENERAL NOTE | |
| General note | Missing Volume: 16(2,11);17(4,9);18(1,8);19(2,3,8);20-22;27(7-12);28(4);30(6);22(4-9) |
| 500 ## - GENERAL NOTE | |
| General note | Starting Volume & Year: 16, 1984 |
| 942 ## - ADDED ENTRY ELEMENTS (KOHA) | |
| Koha item type | Bound Journal |
| Withdrawn status | Lost status | Damaged status | Not for loan | Home library | Current library | Date acquired | Accession Number | Koha item type |
|---|---|---|---|---|---|---|---|---|
| Bound journals | RRII Library | RRII Library | 31/12/2021 | 19663J | Bound Journal |